00345 a2200121 4500003000500000005001700005040000900022082000800031245005800039260003200097650007100129651002300200Nust20170207171806.0 cNust a799 a83- Interaction with Internees, Photographs-2016cMCS aRawalpindibMCSc03-05-2016 a83- Interaction with Internees, Photographs-2016 DVD No 26 (Vol-V) aSweet Memories-MCS